[Event "Mondiale Lampo FIDE 2019"]
[Site "Mosca"]
[Date "29.12.2019"]
[Round "12.4"]
[White "Sargissian, Gabriel"]
[Black "Nepomniachtchi, Ian"]
[Result "0-1"]
[WhiteTitle "GM"]
[BlackTitle "GM"]
[WhiteElo "2689"]
[BlackElo "2767"]
[WhiteFideId "13300881"]
[BlackFideId "4168119"]
[EventDate "2019.12.29"]

1. d4 Nf6 2. c4 g6 3. Nf3 Bg7 4. g3 c6 5. Bg2 d5 6. cxd5 cxd5 7. O-O Ne4 8. Ne5
Nd7 9. Nxd7 Bxd7 10. Nc3 Nxc3 11. bxc3 Bc6 12. Re1 O-O 13. e4 dxe4 14. Bxe4 Bxe4
15. Rxe4 Qd7 16. Qe2 e6 17. h4 Rac8 18. Bd2 h5 19. a4 Rc6 20. a5 Rfc8 21. Rb1
Rc4 22. Be1 Qd5 23. Re3 R8c7 24. Qa2 Rxd4 25. Re2 Rdc4 26. Rd2 Qf3 27. Rd8+ Kh7
28. Rbd1 Re4 29. a6 bxa6 30. Qxa6 Bxc3 31. Bxc3 Qxc3 32. Qf1 a5 33. Ra8 a4 34.
Kg2 Qc6 35. Ra6 Qb7 36. Kg1 Rec4 37. Ra5 Qb4 38. Ra8 a3 39. Qe2 Rc1 40. Qf3 Qb7
41. Qf6 Rxd1+ 0-1

[Event "Mondiale Lampo FIDE 2019"]
[Site "Mosca"]
[Date "29.12.2019"]
[Round "12.5"]
[White "Mamedyarov, Shakhriyar"]
[Black "Duda, Jan-Krzysztof"]
[Result "1/2-1/2"]
[WhiteTitle "GM"]
[BlackTitle "GM"]
[WhiteElo "2772"]
[BlackElo "2758"]
[WhiteFideId "13401319"]
[BlackFideId "1170546"]
[EventDate "2019.12.29"]

1. d4 Nf6 2. c4 g6 3. Nf3 Bg7 4. g3 O-O 5. Bg2 c5 6. O-O cxd4 7. Nxd4 d5 8. cxd5
Nxd5 9. Nb5 Be6 10. Nd4 Bc8 11. Nb5 Be6 12. Nd4 1/2-1/2

[Event "Mondiale Lampo FIDE 2019"]
[Site "Mosca"]
[Date "29.12.2019"]
[Round "12.7"]
[White "Giri, Anish"]
[Black "Safarli, Eltaj"]
[Result "1/2-1/2"]
[WhiteTitle "GM"]
[BlackTitle "GM"]
[WhiteElo "2769"]
[BlackElo "2601"]
[WhiteFideId "24116068"]
[BlackFideId "13402129"]
[EventDate "2019.12.29"]

1. d4 Nf6 2. c4 e6 3. Nf3 d5 4. g3 Be7 5. Bg2 O-O 6. O-O dxc4 7. Qc2 a6 8. a4
Bd7 9. Qxc4 Bc6 10. Bg5 Bd5 11. Qc2 Be4 12. Qc1 h6 13. Bxf6 Bxf6 14. Rd1 a5 15.
Nbd2 Bh7 16. Nc4 c6 17. Nfe5 Na6 18. e4 Nb4 19. Ra3 Qc7 20. Ng4 Bg5 21. Qc3 Rfd8
22. Raa1 Rac8 23. h4 Be7 24. Nge3 Bf6 25. Ng4 Be7 26. Nge3 Bf6 27. Ng4 Be7 1/2-1/2

[Event "Mondiale Lampo FIDE 2019"]
[Site "Mosca"]
[Date "29.12.2019"]
[Round "12.8"]
[White "Firouzja, Alireza"]
[Black "Zubov, Alexander"]
[Result "1/2-1/2"]
[WhiteTitle "GM"]
[BlackTitle "GM"]
[WhiteElo "2723"]
[BlackElo "2601"]
[WhiteFideId "12573981"]
[BlackFideId "14109409"]
[EventDate "2019.12.29"]

1. d4 d5 2. Nf3 Nf6 3. c4 dxc4 4. e3 e6 5. Bxc4 a6 6. Bb3 c5 7. O-O Nc6 8. Nc3
Be7 9. Qe2 cxd4 10. Rd1 e5 11. exd4 exd4 12. h3 O-O 13. Be3 Bc5 14. Qc4 Qe7 15.
Nxd4 Bxd4 16. Bxd4 Be6 17. Qc5 Qxc5 18. Bxc5 Bxb3 19. axb3 Rfe8 20. b4 h5 21. f3
Rad8 22. Kf2 Kh7 23. g4 hxg4 24. hxg4 g5 25. Be3 Kg6 26. b5 axb5 27. Nxb5 Nd5
28. Rxd5 Rxd5 29. Nc7 Red8 30. Nxd5 Rxd5 31. Rc1 Rb5 32. Rc2 f6 33. Rd2 Kf7 34.
Ke2 Ke6 35. Kf2 Rb3 36. Re2 Kf7 37. Rd2 Ne5 38. Ke2 Nc4 39. Rd3 Rxb2+ 40. Kd1
Nxe3+ 41. Rxe3 b5 42. Kc1 Rb4 43. Kc2 f5 44. Re5 Kg6 45. Rxf5 Rc4+ 1/2-1/2

[Event "Mondiale Lampo FIDE 2019"]
[Site "Mosca"]
[Date "29.12.2019"]
[Round "12.9"]
[White "Quparadze, Giga"]
[Black "Fedoseev, Vladimir3"]
[Result "1-0"]
[WhiteTitle "GM"]
[BlackTitle "GM"]
[WhiteElo "2462"]
[BlackElo "2677"]
[WhiteFideId "13602250"]
[BlackFideId "24130737"]
[EventDate "2019.12.29"]

1. e4 c6 2. d4 d5 3. Nc3 dxe4 4. Nxe4 Nf6 5. Nxf6+ exf6 6. c3 Bd6 7. Bd3 O-O 8.
Qc2 g6 9. h4 h5 10. Ne2 Kg7 11. Be3 Qa5 12. b3 Re8 13. O-O-O Bg4 14. Rde1 Nd7
15. Nf4 Nf8 16. Bd2 Qc7 17. g3 a5 18. Kb1 Qd7 19. Bc1 b5 20. Qd2 Kg8 21. Rxe8
Rxe8 22. Bc2 Bf5 23. Nd3 Ne6 24. Re1 b4 25. Bb2 bxc3 26. Qxc3 Nc7 27. Qxa5 Ra8
28. Qd2 Nd5 29. Nc5 Bxc5 30. dxc5 Bxc2+ 31. Qxc2 Rxa2 32. Qe4 Qa7 33. Rc1 Kg7
34. Qc4 Ra5 35. Rc2 Qe7 36. Qd3 Nb4 37. Qc3 Nxc2 38. Qxa5 Qe4 39. Ka2 Nb4+ 40.
Ka3 Nd5 41. Qa4 Qe6 42. Qa6 Nc7 43. Qc4 Qe1 44. Bxf6+ Kg8 45. Bc3 Nb5+ 46. Qxb5
Qxc3 47. Qxc6 Qa1+ 48. Kb4 Qe1+ 49. Kb5 Qxf2 50. Qd5 Qxg3 51. c6 Kg7 52. b4 Qb8+
53. Kc4 Qc7 54. b5 Kg8 55. Kc5 Qa7+ 56. Kd6 Qa3+ 57. Kd7 Qh3+ 58. Kc7 Qxh4 59.
b6 Qe7+ 60. Qd7 Qc5 61. b7 Qa5+ 62. Kc8 Qa6 63. Kd8 Qa5+ 64. c7 Qg5+ 65. Kc8 Qg2
66. b8=Q Kg7 67. Qd4+ Kh7 68. Qb7 Qh3+ 69. Kb8 Qg3 70. Qbb2 1-0

[Event "Mondiale Lampo FIDE 2019"]
[Site "Mosca"]
[Date "29.12.2019"]
[Round "12.10"]
[White "Socko, Bartosz"]
[Black "Jobava, Baadur"]
[Result "1/2-1/2"]
[WhiteTitle "GM"]
[BlackTitle "GM"]
[WhiteElo "2618"]
[BlackElo "2604"]
[WhiteFideId "1107038"]
[BlackFideId "13601520"]
[EventDate "2019.12.29"]

1. d4 c6 2. Nf3 d5 3. c4 Nf6 4. Nbd2 g6 5. g3 Bg7 6. Bg2 O-O 7. O-O a6 8. b3 Bf5
9. Bb2 Nbd7 10. Rc1 e6 11. Nh4 a5 12. Nxf5 gxf5 13. Qc2 a4 14. Rfd1 axb3 15.
axb3 Qe7 16. Ra1 h5 17. Rdb1 h4 18. Qc1 hxg3 19. hxg3 Rfc8 20. Rxa8 Rxa8 21. Ra1
Qd8 22. Rxa8 Qxa8 23. Qa1 Qxa1+ 24. Bxa1 Ne4 25. Nxe4 fxe4 26. e3 f5 1/2-1/2

[Event "Mondiale Lampo FIDE 2019"]
[Site "Mosca"]
[Date "29.12.2019"]
[Round "12.11"]
[White "Vavulin, Maxim"]
[Black "Ponkratov, Pavel"]
[Result "1/2-1/2"]
[WhiteTitle "GM"]
[BlackTitle "GM"]
[WhiteElo "2556"]
[BlackElo "2632"]
[WhiteFideId "4169530"]
[BlackFideId "4157800"]
[EventDate "2019.12.29"]

1. e4 Nc6 2. Nf3 d6 3. d4 Nf6 4. Nc3 g6 5. Bb5 a6 6. Bxc6+ bxc6 7. h3 Bg7 8. O-O
O-O 9. Bf4 Rb8 10. b3 c5 11. dxc5 Rb4 12. a3 Nxe4 13. axb4 Nxc3 14. Qd3 dxc5 15.
Qxd8 Rxd8 16. Rae1 cxb4 17. Bxc7 Rd7 18. Be5 Bb7 19. Bxg7 Kxg7 20. Re3 Be4 21.
Ne5 Rc7 22. Nd3 Bxd3 23. cxd3 Nd5 24. Re5 e6 25. Ra1 Rc3 26. Rxa6 Rxd3 27. Ra7
Kf6 28. Re1 Rxb3 29. Rb7 Rb2 30. Ra1 Rc2 31. Raa7 Ke5 32. Rxf7 b3 33. Rab7 b2
34. Kh2 Nc3 35. Rfc7 Kd4 36. Rb4+ Kd3 37. Rb3 Kd4 38. Rcxc3 Rxc3 39. Rxb2 Ke5
40. Rb7 h5 41. Rf7 Rc4 42. Kg3 h4+ 43. Kf3 g5 1/2-1/2

[Event "Mondiale Lampo FIDE 2019"]
[Site "Mosca"]
[Date "29.12.2019"]
[Round "12.12"]
[White "Gareyev, Timur"]
[Black "Adly, Ahmed"]
[Result "1/2-1/2"]
[WhiteTitle "GM"]
[BlackTitle "GM"]
[WhiteElo "2598"]
[BlackElo "2607"]
[WhiteFideId "14200937"]
[BlackFideId "10601619"]
[EventDate "2019.12.29"]

1. Nf3 Nf6 2. c4 e6 3. Nc3 d5 4. e3 b6 5. cxd5 exd5 6. d4 a6 7. Ne5 Bd6 8. g4
Bxe5 9. dxe5 Nxg4 10. Qxd5 Ra7 11. Qxd8+ Kxd8 12. f4 f6 13. h3 Nh6 14. exf6 gxf6
15. e4 Re8 16. Be3 c5 17. O-O-O+ Rd7 18. Bd3 Bb7 19. Rhg1 Nf5 20. Bf2 Nd4 21.
Bh4 Rf7 22. e5 Nd7 23. Bc4 Rff8 24. Bd5 Kc8 25. Bxb7+ Kxb7 26. Rg7 Kc6 27. Rxh7
fxe5 28. Rh6+ Re6 29. Rxe6+ Nxe6 30. fxe5 Nd4 31. e6 Ne5 32. e7 Re8 33. Bf6 Ng6
34. Re1 Nf4 35. Re3 b5 36. h4 b4 37. Ne4 Nd5 38. Re1 Nf3 39. Rf1 Nh2 40. Rf5
Nxf6 41. Rxf6+ Kd5 42. Nd2 Rxe7 43. Rxa6 Ng4 44. Rg6 Re1+ 45. Kc2 Ne3+ 46. Kd3
c4+ 47. Nxc4 Nxc4 48. Rg5+ Ne5+ 49. Kc2 Kc4 50. Rg2 Nf3 51. b3+ Kd5 52. Rg4 Nd4+
53. Kd3 Rd1+ 54. Ke3 Nc2+ 55. Ke2 Ra1 56. Kd3 Rxa2 57. Rg5+ Ke6 58. Kc4 Ra8 59.
Rc5 Rd8 60. Kb5 Rb8+ 61. Ka4 Ne3 62. h5 Nd5 63. Rb5 Ra8+ 64. Ra5 Rb8 65. Ra6+
Ke5 66. h6 Rb7 67. Rc6 Kd4 68. Ka5 Ra7+ 69. Kb5 Rb7+ 70. Ka5 Kd3 71. Rd6 Ke4 72.
Re6+ Kd4 73. Rc6 Rh7 74. Kb5 Ke5 75. Kc4 Rb7 76. Rc5 Rd7 77. h7 Rxh7 78. Rxd5+
Ke6 79. Rd4 Rb7 80. Kc5 Rb8 81. Rxb4 Rc8+ 82. Kb5 Kd5 83. Rc4 Rb8+ 84. Ka4 Ra8+
85. Kb4 Rb8+ 86. Kc3 Rb6 87. b4 Rc6 1/2-1/2

[Event "Mondiale Lampo FIDE 2019"]
[Site "Mosca"]
[Date "29.12.2019"]
[Round "12.13"]
[White "Dreev, Aleksey"]
[Black "Petrosyan, Manuel"]
[Result "1/2-1/2"]
[WhiteTitle "GM"]
[BlackTitle "GM"]
[WhiteElo "2677"]
[BlackElo "2613"]
[WhiteFideId "4100107"]
[BlackFideId "13300857"]
[EventDate "2019.12.29"]

1. d4 Nf6 2. Nf3 d5 3. c4 e6 4. Nc3 Bb4 5. cxd5 exd5 6. Bg5 h6 7. Bxf6 Qxf6 8.
e3 O-O 9. Qb3 Qb6 10. Bd3 c6 11. O-O Bd6 12. Qc2 Qd8 13. e4 dxe4 14. Nxe4 Be6
15. h3 Bd5 16. Bc4 Be7 17. Bxd5 cxd5 18. Nc3 Bb4 19. Qb3 Bxc3 20. bxc3 b6 21.
Ne5 Qd6 22. Qb4 Rd8 23. Rfe1 Nc6 24. Nxc6 Qxc6 25. Re3 Re8 26. Rae1 1/2-1/2

[Event "Mondiale Lampo FIDE 2019"]
[Site "Mosca"]
[Date "29.12.2019"]
[Round "12.14"]
[White "Vachier-Lagrave, Maxime"]
[Black "Anton Guijarro, David"]
[Result "1-0"]
[WhiteTitle "GM"]
[BlackTitle "GM"]
[WhiteElo "2780"]
[BlackElo "2685"]
[WhiteFideId "623539"]
[BlackFideId "2285525"]
[EventDate "2019.12.29"]

1. Nf3 f5 2. d3 d6 3. e4 e5 4. Nc3 Nc6 5. d4 fxe4 6. Nxe4 d5 7. Ng3 e4 8. Ne5
Nf6 9. Bb5 Bd7 10. Bxc6 bxc6 11. O-O Bd6 12. Bg5 O-O 13. f3 exf3 14. Rxf3 Be6
15. Nh5 Kh8 16. Qf1 Be7 17. Nxc6 Qe8 18. Nxe7 Nxh5 19. Re1 Rxf3 20. Qxf3 Qf7 21.
Qe2 Rf8 22. Rf1 Qxf1+ 23. Qxf1 Rxf1+ 24. Kxf1 h6 25. Bd2 Nf6 26. Ba5 Ne8 27. Nc6
Bd7 28. Nxa7 Kg8 29. Ke1 Kf7 30. b3 Ke6 31. a4 c6 32. b4 Nd6 33. Bc7 Nc8 34. b5
Nxa7 35. b6 c5 36. b7 Nc6 37. a5 Ke7 38. a6 1-0

[Event "Mondiale Lampo FIDE 2019"]
[Site "Mosca"]
[Date "29.12.2019"]
[Round "12.16"]
[White "Chigaev, Maksim"]
[Black "Grischuk, Alexander"]
[Result "0-1"]
[WhiteTitle "GM"]
[BlackTitle "GM"]
[WhiteElo "2631"]
[BlackElo "2777"]
[WhiteFideId "4108116"]
[BlackFideId "4126025"]
[EventDate "2019.12.29"]

1. e4 d5 2. exd5 Qxd5 3. Nc3 Qa5 4. Bc4 Nf6 5. d3 c6 6. Ne2 Bf5 7. Bb3 Nbd7 8.
Be3 e6 9. Qd2 Be7 10. h3 h6 11. O-O-O Nc5 12. Kb1 Nxb3 13. axb3 Nd5 14. Bd4 f6
15. g4 Bh7 16. Nxd5 Qxd5 17. Bc3 a5 18. Rhe1 Qd7 19. Nf4 e5 20. Nh5 O-O 21. f4
exf4 22. Qxf4 b5 23. Nxg7 Kxg7 24. Bd2 a4 25. Qxh6+ Kg8 26. g5 fxg5 27. Re6 Rf7
28. Bc3 Bf8 29. Rg6+ Bg7 30. Rxg5 axb3 31. Rdg1 bxc2+ 32. Kc1 Ra1+ 33. Kxc2
Qxd3+ 0-1

[Event "Mondiale Lampo FIDE 2019"]
[Site "Mosca"]
[Date "29.12.2019"]
[Round "12.17"]
[White "Abdusattorov, Nodirbek"]
[Black "Aronian, Levon"]
[Result "0-1"]
[WhiteTitle "GM"]
[BlackTitle "GM"]
[WhiteElo "2635"]
[BlackElo "2775"]
[WhiteFideId "14204118"]
[BlackFideId "13300474"]
[EventDate "2019.12.29"]

1. e4 e5 2. Nf3 Nc6 3. Bb5 Nf6 4. d3 Bc5 5. c3 d5 6. Nbd2 O-O 7. O-O Re8 8. Re1
dxe4 9. dxe4 Qe7 10. Nf1 Bxf2+ 11. Kxf2 Qc5+ 12. Ne3 Nxe4+ 13. Kg1 Qxb5 14. Nd5
Rd8 15. Rxe4 Qxd5 16. Qe1 f6 17. b3 Bf5 18. Re3 Qd1 19. Bb2 Qxe1+ 20. Raxe1 Bg4
21. Bc1 Bxf3 22. gxf3 Rd7 23. Kf2 Rad8 24. R3e2 Rd3 25. Rc2 Kf7 26. Ke2 R3d5 27.
Be3 a6 28. b4 Ne7 29. a4 Nf5 30. Bf2 h5 31. Rb1 c6 32. Rcb2 Nd6 33. Ra2 Nc4 34.
b5 axb5 35. axb5 Rxb5 36. Rxb5 cxb5 37. Ra7 Rd2+ 38. Ke1 Rd7 0-1

[Event "Mondiale Lampo FIDE 2019"]
[Site "Mosca"]
[Date "29.12.2019"]
[Round "12.18"]
[White "Alekseev, Evgeny"]
[Black "Wojtaszek, Radoslaw"]
[Result "1/2-1/2"]
[WhiteTitle "GM"]
[BlackTitle "GM"]
[WhiteElo "2620"]
[BlackElo "2725"]
[WhiteFideId "4138147"]
[BlackFideId "1118358"]
[EventDate "2019.12.29"]

1. c4 Nf6 2. Nc3 e5 3. Nf3 Nc6 4. d3 Bb4 5. Bd2 O-O 6. e3 Re8 7. Be2 d5 8. cxd5
Nxd5 9. O-O Nxc3 10. Bxc3 Qd6 11. Rc1 Bxc3 12. Rxc3 Bg4 13. a3 Ne7 14. h3 Bh5
15. Nd2 Bxe2 16. Qxe2 Nd5 17. Rc2 Rad8 18. Ne4 Qg6 19. b4 c6 20. Rd1 f5 21. Nc5
Re7 22. Qf3 Rf8 23. b5 f4 24. bxc6 bxc6 25. e4 Nc7 26. d4 exd4 27. Rxd4 Nb5 28.
Rd1 Nd6 29. Re1 Nf7 30. Qxf4 Ne5 31. Qg3 Qxg3 32. fxg3 h5 33. Rd1 Rb8 34. Rcd2
Kh7 35. Nd7 Nxd7 36. Rxd7 Rxe4 37. Rxa7 Re6 38. Rd2 Rb3 39. Rc7 Rxa3 40. Rc2
Ra1+ 41. Kf2 Rf6+ 42. Ke2 Ra6 43. Ke3 Ra3+ 44. Ke4 Rxg3 45. R7xc6 Rxc6 46. Rxc6
Rxg2 47. Kf3 Rg6 48. Rc4 Kh6 49. h4 Ra6 50. Kg3 Kg6 51. Kf3 Ra5 52. Kg3 Kf5 53.
Rf4+ Ke5 54. Rb4 Ra3+ 55. Kg2 Kf5 56. Rb5+ Kg6 57. Rb6+ Kf7 58. Rb5 g6 59. Rc5
Kf6 60. Rb5 Re3 61. Rc5 Re5 62. Rc6+ Kf5 63. Kf3 Ra5 64. Rc3 Ra4 65. Rc5+ Kf6
66. Rc6+ Kg7 67. Kg3 Ra8 1/2-1/2

[Event "Mondiale Lampo FIDE 2019"]
[Site "Mosca"]
[Date "29.12.2019"]
[Round "12.19"]
[White "Karjakin, Sergey"]
[Black "Savchenko, Boris"]
[Result "0-1"]
[WhiteTitle "GM"]
[BlackTitle "GM"]
[WhiteElo "2754"]
[BlackElo "2577"]
[WhiteFideId "14109603"]
[BlackFideId "4147332"]
[EventDate "2019.12.29"]

1. e4 c5 2. Nf3 g6 3. d4 cxd4 4. Nxd4 Nc6 5. c4 d6 6. Nc3 Bg7 7. Be3 Nf6 8. Be2
O-O 9. O-O Bd7 10. Qd2 Nxd4 11. Bxd4 Bc6 12. f3 a5 13. b3 Nd7 14. Be3 Nc5 15.
Rab1 Be5 16. Rfd1 e6 17. Bd4 Qe7 18. Bf1 Rad8 19. Ne2 Qh4 20. Bxe5 dxe5 21. Qxa5
Nd3 22. Ng3 Ra8 23. Qc3 Nf4 24. Rd2 Qg5 25. Kh1 Ra3 26. Ne2 Nh5 27. Rbd1 Rfa8
28. Nc1 Nf4 29. g3 Nh5 30. Nd3 Qe3 31. Qxe5 Rxa2 32. Rxa2 Qxf3+ 33. Kg1 Rxa2 34.
Nb2 Qe3+ 35. Kh1 Qxe4+ 0-1

[Event "Mondiale Lampo FIDE 2019"]
[Site "Mosca"]
[Date "29.12.2019"]
[Round "12.20"]
[White "Paravyan, David"]
[Black "Le, Quang Liem"]
[Result "0-1"]
[WhiteTitle "GM"]
[BlackTitle "GM"]
[WhiteElo "2629"]
[BlackElo "2713"]
[WhiteFideId "4194985"]
[BlackFideId "12401137"]
[EventDate "2019.12.29"]

1. e4 c5 2. Nf3 Nc6 3. Nc3 e5 4. Bc4 Be7 5. d3 d6 6. Nd5 Nf6 7. c3 Nxd5 8. Bxd5
O-O 9. Be3 Be6 10. O-O Bxd5 11. exd5 Nb8 12. Qb3 Qd7 13. a4 Na6 14. Nd2 Rae8 15.
Nc4 g5 16. Na5 Rb8 17. Qc4 f5 18. f3 Kh8 19. Qb5 Qc8 20. b4 Nc7 21. Qc4 Ne8 22.
Rab1 Bd8 23. Nb3 b6 24. Rfc1 Bf6 25. d4 cxd4 26. cxd4 Qxc4 27. Rxc4 Rf7 28. Rbc1
Kg7 29. g4 fxg4 30. fxg4 Rbb7 31. dxe5 dxe5 32. Nd2 Rbd7 33. Ne4 Nd6 34. Nxf6
Kxf6 35. Rc6 h6 36. a5 Kg7 37. axb6 axb6 38. Rxb6 Ne4 39. Rcc6 Nf6 40. Bc5 Rxd5
41. Rd6 Rxd6 42. Bxd6 Nxg4 43. h3 Ne3 44. Bxe5+ Kh7 45. Rf6 Rxf6 46. Bxf6 Nd5
47. Bd8 Nxb4 48. Kf2 Kg6 49. Kf3 Kf5 50. Be7 Nc6 51. Bf8 h5 52. Bd6 Nd4+ 53. Kg3
Ke4 54. Kg2 Nf5 55. Bc7 Ne3+ 56. Kf2 Nd5 57. Bd6 h4 58. Bc5 Nf4 59. Be7 Nxh3+
60. Kg2 Nf4+ 61. Kh2 Kf5 62. Bd8 Kg4 63. Be7 Kh5 64. Bd6 Ng6 65. Kg2 Nf4+ 66.
Kf3 Ne6 67. Kg2 g4 68. Be7 Ng5 69. Bf6 g3 70. Be5 Kg4 0-1

[Event "Mondiale Lampo FIDE 2019"]
[Site "Mosca"]
[Date "29.12.2019"]
[Round "12.22"]
[White "Morozevich, Alexander"]
[Black "Christiansen, Johan-Sebastian"]
[Result "0-1"]
[WhiteTitle "GM"]
[BlackTitle "GM"]
[WhiteElo "2659"]
[BlackElo "2597"]
[WhiteFideId "4116992"]
[BlackFideId "1512668"]
[EventDate "2019.12.29"]

1. Nf3 d5 2. c4 d4 3. b4 g5 4. Nxg5 e5 5. d3 Bxb4+ 6. Bd2 Bxd2+ 7. Qxd2 Nc6 8.
g3 h6 9. Nf3 Bg4 10. Bg2 Qd7 11. Na3 Nge7 12. Rb1 Rb8 13. O-O Bh3 14. Bxh3 Qxh3
15. e3 Qf5 16. Qe2 a6 17. exd4 exd4 18. Nc2 Qf6 19. Rfe1 O-O 20. Nd2 Rfe8 21.
Ne4 Qg6 22. f4 b6 23. Qf2 Nf5 24. Re2 Kg7 25. Rbe1 b5 26. c5 b4 27. Kh1 h5 28.
Nd2 Rxe2 29. Rxe2 a5 30. Nf3 b3 31. axb3 Rxb3 32. Ncxd4 Rb1+ 33. Kg2 Ncxd4 34.
Nxd4 Nh4+ 0-1

[Event "Mondiale Lampo FIDE 2019"]
[Site "Mosca"]
[Date "29.12.2019"]
[Round "12.23"]
[White "Grachev, Boris"]
[Black "Gelfand, Boris"]
[Result "1/2-1/2"]
[WhiteTitle "GM"]
[BlackTitle "GM"]
[WhiteElo "2614"]
[BlackElo "2684"]
[WhiteFideId "4129199"]
[BlackFideId "2805677"]
[EventDate "2019.12.29"]

1. Nf3 c5 2. c4 Nc6 3. Nc3 Nf6 4. e3 e6 5. d4 d5 6. cxd5 exd5 7. Bb5 cxd4 8.
Nxd4 Bd7 9. Nf3 Bb4 10. O-O Bxc3 11. bxc3 O-O 12. c4 a6 13. Bxc6 Bxc6 14. cxd5
Qxd5 15. Qxd5 Bxd5 16. Bb2 Ne4 17. Rfd1 Rfd8 18. Rd4 Bc6 19. Rad1 Rxd4 20. Rxd4
f6 21. h3 Kf7 22. Nd2 1/2-1/2

[Event "Mondiale Lampo FIDE 2019"]
[Site "Mosca"]
[Date "29.12.2019"]
[Round "12.24"]
[White "Tomashevsky, Evgeny"]
[Black "Kamsky, Gata"]
[Result "1-0"]
[WhiteTitle "GM"]
[BlackTitle "GM"]
[WhiteElo "2705"]
[BlackElo "2677"]
[WhiteFideId "4147235"]
[BlackFideId "2000024"]
[EventDate "2019.12.29"]

1. c4 Nf6 2. Nc3 g6 3. e4 d6 4. d4 Bg7 5. Nf3 O-O 6. h3 e5 7. d5 a5 8. g4 Na6 9.
Be3 Nc5 10. Nd2 Bd7 11. Be2 c6 12. h4 cxd5 13. cxd5 b5 14. g5 Nh5 15. Bxc5 dxc5
16. Bxh5 gxh5 17. Qxh5 c4 18. Ne2 f5 19. gxf6 Qxf6 20. O-O-O b4 21. Rdg1 c3 22.
bxc3 bxc3 23. Nc4 Kh8 24. Rxg7 Qxg7 25. Rg1 Be8 26. Qxe5 Qxe5 27. Nxe5 Rxf2 28.
Nxc3 Rc8 29. Rg3 Bh5 30. d6 Rcf8 31. d7 Rh2 32. Rd3 Rxh4 33. d8=Q Rxd8 34. Rxd8+
Kg7 35. Kd2 Bg6 36. Nxg6 hxg6 37. Rd5 a4 38. Ra5 Kf6 39. Ke3 g5 40. Ra6+ Ke5 41.
Ra5+ Kf6 42. Rxa4 Rh3+ 43. Kd4 g4 44. Ra5 g3 45. Rf5+ Kg6 46. Ne2 g2 47. Nf4+ 1-0

[Event "Mondiale Lampo FIDE 2019"]
[Site "Mosca"]
[Date "29.12.2019"]
[Round "12.25"]
[White "Adhiban, Baskaran"]
[Black "Tari, Aryan"]
[Result "0-1"]
[WhiteTitle "GM"]
[BlackTitle "GM"]
[WhiteElo "2654"]
[BlackElo "2634"]
[WhiteFideId "5018471"]
[BlackFideId "1510045"]
[EventDate "2019.12.29"]

1. d4 Nf6 2. c4 g6 3. Nc3 d5 4. cxd5 Nxd5 5. e4 Nxc3 6. bxc3 Bg7 7. Bc4 c5 8.
Ne2 Nc6 9. Be3 O-O 10. O-O b6 11. Qd2 Qc7 12. h4 Bb7 13. Rac1 Rfd8 14. h5 Ne5
15. Bb3 Ng4 16. Bf4 e5 17. Bg3 Bh6 18. Qd3 Bxc1 19. Rxc1 Qe7 20. hxg6 hxg6 21.
f3 exd4 22. fxg4 Bxe4 23. Qd2 d3 24. Nf4 c4 25. Bd1 Re8 26. Bf3 Qc5+ 27. Bf2 Qc6
28. Bxe4 Rxe4 29. Bd4 Rae8 30. Qf2 Qd6 31. Rf1 Rxf4 32. Qh4 Rxd4 33. cxd4 Qxd4+
34. Kh1 d2 0-1

[Event "Mondiale Lampo FIDE 2019"]
[Site "Mosca"]
[Date "29.12.2019"]
[Round "12.26"]
[White "Amin, Bassem"]
[Black "Sasikiran, Krishnan"]
[Result "1-0"]
[WhiteTitle "GM"]
[BlackTitle "GM"]
[WhiteElo "2683"]
[BlackElo "2656"]
[WhiteFideId "10601457"]
[BlackFideId "5004985"]
[EventDate "2019.12.29"]

1. e4 c5 2. Nf3 d6 3. g3 Nf6 4. d3 g6 5. Bg2 Bg7 6. O-O O-O 7. Re1 Nc6 8. c3 e5
9. a3 h6 10. b4 Be6 11. Nbd2 Qc7 12. Bb2 Rad8 13. Rc1 d5 14. exd5 Rxd5 15. b5
Na5 16. Qe2 Nd7 17. c4 Rd4 18. Nxd4 cxd4 19. a4 Re8 20. Ba3 b6 21. Ne4 Nb7 22.
c5 bxc5 23. Nd2 Na5 24. Rc2 Bf8 1-0

[Event "Mondiale Lampo FIDE 2019"]
[Site "Mosca"]
[Date "29.12.2019"]
[Round "12.27"]
[White "Bluebaum, Matthias"]
[Black "Nihal, Sarin"]
[Result "1/2-1/2"]
[WhiteTitle "GM"]
[BlackTitle "GM"]
[WhiteElo "2644"]
[BlackElo "2612"]
[WhiteFideId "24651516"]
[BlackFideId "25092340"]
[EventDate "2019.12.29"]

1. d4 d5 2. c4 c6 3. Nc3 Nf6 4. e3 a6 5. Nf3 Bf5 6. cxd5 cxd5 7. Ne5 Nbd7 8. Bd2
e6 9. Qb3 Rb8 10. Be2 Bd6 11. Nxd7 Nxd7 12. O-O O-O 13. Rfc1 Qe7 14. a3 Rfc8 15.
Na2 Nf6 16. Bb4 Ne4 17. Bxd6 Nxd6 18. Qb4 Qd7 19. Rxc8+ Rxc8 20. Rc1 Rxc1+ 21.
Nxc1 Qc7 22. Nb3 h6 23. Qc5 Qd8 24. Nd2 Ne4 25. Nxe4 Bxe4 26. f3 Bg6 27. Qc3 Kh7
28. Bd3 Bxd3 29. Qxd3+ g6 30. Qc3 Kg7 31. g3 Qb6 32. Kf2 h5 33. e4 Qb5 34. b3 a5
35. a4 Qb6 36. exd5 exd5 37. Ke3 Qe6+ 38. Kd2 b6 39. Qe3 Qxe3+ 40. Kxe3 1/2-1/2

[Event "Mondiale Lampo FIDE 2019"]
[Site "Mosca"]
[Date "29.12.2019"]
[Round "12.28"]
[White "Zhigalko, Sergei"]
[Black "Perunovic, Milos"]
[Result "1-0"]
[WhiteTitle "GM"]
[BlackTitle "GM"]
[WhiteElo "2571"]
[BlackElo "2589"]
[WhiteFideId "13502956"]
[BlackFideId "921629"]
[EventDate "2019.12.29"]

1. e4 c5 2. Nf3 Nc6 3. c3 Nf6 4. e5 Nd5 5. Bc4 Nb6 6. Bb3 g6 7. d4 cxd4 8. Ng5
d5 9. exd6 e6 10. Qf3 Ne5 11. Qg3 Bxd6 12. Ne4 Nec4 13. Qd3 Ne5 14. Qg3 Nec4 15.
Qd3 Ne5 16. Qxd4 Bc7 17. O-O Qxd4 18. cxd4 Nc6 19. Rd1 Na5 20. Nf6+ Kf8 21. Bh6+
Ke7 22. Bg5 Kf8 23. Bh6+ Ke7 24. Bg7 Nxb3 25. axb3 Rd8 26. Nc3 Nd5 27. Nce4 Bb6
28. Rac1 Nb4 29. Nxh7 Rg8 30. Bf6+ Kd7 31. Be5 Rd8 32. Bf6 Rg8 33. Be5 Rd8 34.
h4 Nd5 35. Nhf6+ Nxf6 36. Bxf6 Re8 37. Be5 Rd8 38. Nf6+ Ke7 39. Ne4 Kf8 40. Bf6
Rd5 41. Nc3 Rf5 42. Be5 Bd7 43. Ne2 Bc6 44. Ng3 Rxe5 45. dxe5 Kg7 46. Ne2 Bd5
47. Rd3 Rh8 48. Nf4 Bc6 49. Rh3 Rd8 50. h5 Rd2 51. hxg6 Bxf2+ 52. Kh1 fxg6 53.
Nxe6+ Kg8 54. Rf1 Bd5 55. Nf4 Bd4 56. Nxd5 Bxe5 57. Nf6+ Kg7 58. Ne8+ Kg8 59.
Re3 Bxb2 60. Nf6+ Kg7 61. Ng4 Rd7 62. g3 a5 63. Kg2 b5 64. Re4 Ra7 65. Rf2 Bc3
66. Rfe2 Kf8 67. Re8+ Kf7 68. Rc8 Bd4 69. Ne5+ Kg7 70. Nc6 Rd7 71. Nxd4 Rxd4 72.
Rc5 1-0